00471nam a22001337a 450000500170000000800410001704100250005808200130008310000380009624501160013426000360025030000260028665000250031220240212135553.0240212b |||||||| |||| 00| 0 eng d aAfrikaans / English  a349 TYD  aSnyman, CR lAfrikaans / English  aTydskrif vir Hedendaagse Romeins-Hollandse Reg : bNormatiewe skuld en redelik verwagbare gedrag / cCR Snyman  aDurban : bButterworth, c1991  b169 pages ; c25 cm.  aLegal practice bLaw